Appalachian State Football: Top 10 All-Time Leaders - Statistics

General Stats
  • This quiz has been taken 3 times
  • The average score is 25 of 61
Answer Stats
Category # Player Amount % Correct
Passing Yards 8 Jamal Londry-Jackson 5,971
100%
Passing Yards 5 Joey Aguilar 6,760
100%
Tackles 1 Dexter Coakley 616
67%
Tackles 9 Dino Hackett 372
67%
Tackles 2 D.J. Smith 525
67%
Sacks T8 Jason Hunter 22.5
67%
Rushing Yards 3 John Settle 4,409
67%
Interceptions 5 Matt Stevens 18
67%
Sacks 4 Nick Hampton 26.5
67%
Sacks 6 Rocky Hunt 24.0
67%
Interceptions T8 Struggy Smith 12
67%
Receiving Yards 9 Andrew Peacock 2,108
33%
Passing Yards 1 Armanti Edwards 10,392
33%
Rushing Yards 4 Armanti Edwards 4,361
33%
Sacks 7 Avery Hall 23.5
33%
Receiving Yards 8 Bob Agle 2,151
33%
Tackles 6 Brent David 391
33%
Receiving Yards 1 Brian Quick 3,418
33%
Tackles 3 Cedric Felton 495
33%
Passing Yards 7 Chase Brice 6,258
33%
Rushing Yards 7 Chip Hooks 3,472
33%
Interceptions 7 Corey Hall 13
33%
Tackles 10 Corey Lynch 358
33%
Interceptions 2 Corey Lynch 24
33%
Receiving Yards 6 Corey Sutton 2,278
33%
Rushing Yards 5 Damon Scott 3,800
33%
Sacks T10 Darren Wilson 22.0
33%
Rushing Yards 10 Darrynton Evans 2,884
33%
Receiving Yards 10 Daryl Skinner 1,942
33%
Interceptions 6 Dave Richardson 14
33%
Interceptions T8 David Neeld 12
33%
Receiving Yards 4 DaVon Fowlkes 2,960
33%
Sacks 5 Demetrius Taylor 26.0
33%
Passing Yards 10 D.J. Campbell 5,414
33%
Sacks T10 Jabari Fletcher 22.0
33%
Tackles 4 Jacque Roman 408
33%
Rushing Yards 6 Jalin Scott 3,570
33%
Tackles 5 Jeremy Wiggins 393
33%
Passing Yards 9 Joe Burchette 5,427
33%
Tackles 7 Joe DiBernardo 383
33%
Sacks 2 Josh Jeffries 36.0
33%
Receiving Yards 7 Kaedin Robinson 2,164
33%
Rushing Yards 2 Kevin Richardson 4,804
33%
Sacks 3 K.T. Stovall 29.5
33%
Interceptions 1 Larry Harbin 25
33%
Receiving Yards 5 Malik Williams 2,382
33%
Rushing Yards 1 Marcus Cox 5,103
33%
Interceptions 3 Mark LeGree 22
33%
Interceptions T8 Mark Mayo 12
33%
Sacks 1 Marques Murrell 36.5
33%
Rushing Yards 8 Nate Noel 3,076
33%
Tackles 8 Pierre Banks 373
33%
Passing Yards 3 Richie Williams 7,759
33%
Receiving Yards T2 Rick Beasley 3,124
33%
Rushing Yards 9 Ricthie Melchor 2,918
33%
Sacks T8 Sean Swoope 22.5
33%
Passing Yards 6 Steve Brown 6,533
33%
Passing Yards 2 Taylor Lamb 9,655
33%
Receiving Yards T2 Thomas Hennigan 3,124
33%
Interceptions 4 Wayne Byrd 20
33%
Passing Yards 4 Zac Thomas 6,979
33%
No matching quizzes found
Score Distribution
Percent of People with Each Score
Percentile by Number Answered
Your Score History
You have not taken this quiz